El Ecumenismo fundamentalista, los feminismos transnacionales y el orden tutelar de la sociedad latinoamericana /
Guardat en:
| Autor principal: | |
|---|---|
| Format: | Text |
| Etiquetes: |
Afegir etiqueta
Sense etiquetes, Sigues el primer a etiquetar aquest registre!
|
MARC
| LEADER | 00000 a a2200000 04500 | ||
|---|---|---|---|
| 001 | 11812 | ||
| 003 | |||
| 040 | |||
| 100 | |a Vuola, Elina | ||
| 245 | |a El Ecumenismo fundamentalista, los feminismos transnacionales y el orden tutelar de la sociedad latinoamericana / |c Elina Vuola | ||
| 773 | |g número 117; páginas 30-36 | ||
| 999 | |c 31417 |d 31417 | ||
| 773 | 0 | |0 41641 |9 2422 |a Departamento Ecuménico de Investigaciones (DEI) |d San José, Costa Rica Departamento Ecuménico de Investigaciones (DEI) |o 20210 |t Pasos / | |
